[Event "Ste-Foy 5 2025-26"]
[Site "Ste-Foy CAN"]
[Date "2026.03.09"]
[Round "4"]
[White "Poitras, Marc"]
[Black "Nougaret, Jonathan"]
[Result "1-0"]
[WhiteElo "1330"]
[BlackElo "1327"]
[WhiteFideId "-1"]
[BlackFideId "-1"]
[PlyCount "57"]
[GameId "2286901903288663"]
[EventDate "2026.02.16"]
[EventType "swiss"]
[EventRounds "5"]
[EventCountry "CAN"]
[TimeControl "5400+30"]

1. d4 Nf6 2. Nf3 d5 3. c4 e6 4. Nc3 Bb4 5. Bf4 O-O 6. a3 Bxc3+ 7. bxc3 b6 8. cxd5 Nxd5 9. Qd2 Qf6 10. Be5 Qe7 11. e4 Nf6 12. Qg5 h6 13. Qh4 Bb7 14. Bd3 Nbd7 15. Bxc7 Rfc8 16. Bf4 Rxc3 17. Ke2 Rxa3 18. e5 Bxf3+ 19. gxf3 Rxa1 20. Rxa1 Nd5 21. Qg3 Nxf4+ 22. Qxf4 a5 23. Qe4 Qd8 24. Qh7+ Kf8 25. Qh8+ Ke7 26. Qxg7 Qh8 27. Qg3 Rg8 28. Qh4+ Kf8 29. Qd8+ 1-0

[Event "Ste-Foy 5 2025-26"]
[Site "Ste-Foy CAN"]
[Date "2026.03.09"]
[Round "4"]
[White "Taran, Maksim"]
[Black "Godin, Francois"]
[Result "1-0"]
[WhiteElo "1094"]
[BlackElo "1052"]
[WhiteFideId "-1"]
[BlackFideId "-1"]
[PlyCount "67"]
[GameId "2286901979343203"]
[EventDate "2026.02.16"]
[EventType "swiss"]
[EventRounds "5"]
[EventCountry "CAN"]
[TimeControl "5400+30"]

1. e4 c5 2. Nf3 d6 3. Bc4 e6 4. c3 Nc6 5. d4 cxd4 6. cxd4 Nf6 7. d5 exd5 8. exd5 Bg4 9. dxc6 bxc6 10. O-O Be7 11. Be3 O-O 12. Nbd2 d5 13. Bb3 Bd6 14. Qc2 Qc8 15. Ba4 c5 16. Bg5 Bf5 17. Qc3 Ne4 18. Nxe4 Bxe4 19. Bc2 Qc7 20. h3 Rfe8 21. Bxe4 dxe4 22. Nd2 Re6 23. Nc4 Rae8 24. Nxd6 Qxd6 25. Rad1 Qc7 26. Rc1 f6 27. Be3 Rc6 28. Qc4+ Kh8 29. b4 a6 30. bxc5 h6 31. Rfd1 f5 32. Rd6 g5 33. Rxc6 Qxc6 34. Bd4+ 1-0

[Event "Ste-Foy 5 2025-26"]
[Site "Ste-Foy CAN"]
[Date "2026.03.16"]
[Round "5"]
[White "Chouinard, Etienne"]
[Black "Potvin, Alain-Nicolas"]
[Result "1/2-1/2"]
[WhiteElo "1774"]
[BlackElo "1717"]
[WhiteFideId "-1"]
[BlackFideId "-1"]
[PlyCount "63"]
[GameId "2289145827046793"]
[EventDate "2026.02.16"]
[EventType "swiss"]
[EventRounds "5"]
[EventCountry "CAN"]
[TimeControl "5400+30"]

1. b3 Nf6 2. Bb2 d6 3. e3 Nbd7 4. d4 c6 5. Nf3 g6 6. c4 Bg7 7. Qc2 O-O 8. Nbd2 Re8 9. Bd3 e5 10. O-O Qe7 11. dxe5 dxe5 12. e4 Nh5 13. Rfe1 Nf4 14. Bf1 Ne6 15. Rad1 Nd4 16. Nxd4 exd4 17. Nf3 c5 18. Bd3 Ne5 19. Nxe5 Bxe5 20. g3 Qg5 21. Bc1 Qh5 22. Be2 Bg4 23. Qd3 Bxe2 24. Rxe2 Bg7 25. Rde1 Re7 26. Ba3 b6 27. b4 Rae8 28. bxc5 bxc5 29. f4 Rc7 30. h4 Qg4 31. Rh2 h5 32. Rhe2 1/2-1/2

[Event "Ste-Foy 5 2025-26"]
[Site "Ste-Foy CAN"]
[Date "2026.03.16"]
[Round "5"]
[White "Voisin, Antoine"]
[Black "Belanger, Mathieu-Olivier"]
[Result "0-1"]
[WhiteElo "1645"]
[BlackElo "1920"]
[WhiteFideId "-1"]
[BlackFideId "-1"]
[PlyCount "54"]
[GameId "2289145910007205"]
[EventDate "2026.02.16"]
[EventType "swiss"]
[EventRounds "5"]
[EventCountry "CAN"]
[TimeControl "5400+30"]

1. e4 c5 2. a3 e6 3. Nc3 a6 4. d3 d6 5. Nf3 Nd7 6. Be2 Be7 7. O-O b6 8. Bf4 Qc7 9. Qd2 Ngf6 10. h3 Bb7 11. Qe3 h6 12. e5 g5 13. Bxg5 hxg5 14. exf6 Bxf6 15. Ne4 g4 16. hxg4 O-O-O 17. Nxf6 Nxf6 18. g5 Nd5 19. Qd2 f5 20. g6 f4 21. c4 Qg7 22. g3 Qh6 23. Nh4 Rdg8 24. Bf3 Rxg6 25. cxd5 Qxh4 26. Rfe1 Qh2+ 27. Kf1 fxg3 0-1

[Event "Ste-Foy 5 2025-26"]
[Site "Ste-Foy CAN"]
[Date "2026.03.16"]
[Round "5"]
[White "Laurendeau, Alfred"]
[Black "Caron-Ouellette, Charles"]
[Result "1-0"]
[WhiteElo "1579"]
[BlackElo "1382"]
[WhiteFideId "-1"]
[BlackFideId "-1"]
[PlyCount "73"]
[GameId "2289145977882033"]
[EventDate "2026.02.16"]
[EventType "swiss"]
[EventRounds "5"]
[EventCountry "CAN"]
[TimeControl "5400+30"]

1. Nf3 e6 2. g3 c5 3. c4 Nc6 4. Nc3 Be7 5. Bg2 h5 6. h4 g5 7. hxg5 Bxg5 8. d4 Be7 9. d5 exd5 10. cxd5 Nb4 11. a3 Na6 12. d6 Bf6 13. e4 Bxc3+ 14. bxc3 Qa5 15. e5 c4 16. Qd4 Qc5 17. Be3 Qxd4 18. Bxd4 b6 19. Ng5 Rb8 20. Bd5 Bb7 21. Bxf7+ Kf8 22. Rxh5 Rxh5 23. Bxh5 Nh6 24. g4 Bd5 25. Rb1 Rc8 26. Kd2 Nb8 27. f4 Nc6 28. f5 Nxd4 29. cxd4 c3+ 30. Kc2 Rc4 31. Rb4 Rc6 32. Rb1 Rc4 33. e6 dxe6 34. fxe6 Ng8 35. Rf1+ Kg7 36. d7 Rxd4 37. Kxc3 1-0

[Event "Ste-Foy 5 2025-26"]
[Site "Ste-Foy CAN"]
[Date "2026.03.16"]
[Round "5"]
[White "Grimard, Carl"]
[Black "Blais, Pierre-Luc"]
[Result "0-1"]
[WhiteElo "1414"]
[BlackElo "1466"]
[WhiteFideId "-1"]
[BlackFideId "-1"]
[PlyCount "48"]
[GameId "2289146047735229"]
[EventDate "2026.02.16"]
[EventType "swiss"]
[EventRounds "5"]
[EventCountry "CAN"]
[TimeControl "5400+30"]

1. e4 d6 2. d4 Nf6 3. Nc3 g6 4. h3 Bg7 5. Be3 c6 6. Qd2 b5 7. Bd3 O-O 8. Bh6 b4 9. Nd1 Bxh6 10. Qxh6 Qa5 11. Ne2 Nbd7 12. O-O e5 13. f4 Ba6 14. dxe5 Bxd3 15. exf6 Nxf6 16. cxd3 Qb5 17. Nf2 Rac8 18. Nd4 Qb6 19. Nf3 Rfe8 20. Ng5 Qe3 21. Kh1 Rc7 22. Ng4 Nxg4 23. hxg4 f6 24. Nxh7 Rxh7 0-1

[Event "Ste-Foy 5 2025-26"]
[Site "Ste-Foy CAN"]
[Date "2026.03.16"]
[Round "5"]
[White "Monat, Henri"]
[Black "Lorge, Edouard"]
[Result "0-1"]
[WhiteElo "1095"]
[BlackElo "1495"]
[WhiteFideId "-1"]
[BlackFideId "-1"]
[PlyCount "78"]
[GameId "2289146103436745"]
[EventDate "2026.02.16"]
[EventType "swiss"]
[EventRounds "5"]
[EventCountry "CAN"]
[TimeControl "5400+30"]

1. c4 f5 2. Nf3 Nf6 3. e3 e6 4. g3 d5 5. b3 Bd6 6. Bb2 O-O 7. Bg2 Nbd7 8. d4 c6 9. O-O Ne4 10. c5 Bc7 11. a3 g5 12. h3 Qe8 13. b4 g4 14. hxg4 fxg4 15. Nh4 Qh5 16. Bh3 Nxg3 17. fxg3 Rxf1+ 18. Kxf1 Bxg3 19. Bxg4 Qxh4 20. Bxe6+ Kh8 21. Qg4 Qxg4 22. Bxg4 Nf6 23. Bf3 Bg4 24. Ke2 Rf8 25. Nd2 Bxf3+ 26. Nxf3 Ne4 27. Rg1 Kg7 28. Nd2 Rf2+ 29. Ke1 Rxd2+ 30. Rxg3+ Nxg3 31. Kxd2 Kg6 32. Ke1 Kf5 33. a4 Ke4 34. Kd2 h5 35. b5 h4 36. a5 a6 37. bxc6 bxc6 38. Ke1 Kf3 39. e4 Nxe4 0-1

[Event "Ste-Foy 5 2025-26"]
[Site "Ste-Foy CAN"]
[Date "2026.03.16"]
[Round "5"]
[White "Fleury, Dominic"]
[Black "Aguilar Balzano, Sebastian"]
[Result "0-1"]
[WhiteElo "1318"]
[BlackElo "1270"]
[WhiteFideId "-1"]
[BlackFideId "-1"]
[PlyCount "84"]
[GameId "2289146255312353"]
[EventDate "2026.02.16"]
[EventType "swiss"]
[EventRounds "5"]
[EventCountry "CAN"]
[TimeControl "5400+30"]

1. e4 e6 2. d4 d5 3. exd5 exd5 4. Nf3 c5 5. Bf4 Nc6 6. Bb5 Bd7 7. O-O Nf6 8. Re1+ Be7 9. Bd6 Be6 10. Bxc5 Bxc5 11. dxc5 Qa5 12. Qe2 O-O 13. Bxc6 bxc6 14. Nc3 Rab8 15. Rab1 Rfe8 16. Qd2 Qxc5 17. Rbd1 h6 18. a3 Bg4 19. b4 Qb6 20. Qf4 a5 21. Rd4 Bxf3 22. Rxe8+ Rxe8 23. gxf3 Nh5 24. Qg4 f5 25. Na4 fxg4 26. Nxb6 gxf3 27. h3 axb4 28. axb4 Nf6 29. Rd3 Rb8 30. Na4 Rxb4 31. Nc3 d4 32. Rxf3 dxc3 33. Rxc3 Rb6 34. Kg2 Kf7 35. Kf3 Ke6 36. Rd3 Nd5 37. Kg4 Rb4+ 38. Kg3 Rb2 39. c4 Nf6 40. f4 Kf5 41. Kf3 Rc2 42. Rd4 c5 0-1

[Event "Ste-Foy 5 2025-26"]
[Site "Ste-Foy CAN"]
[Date "2026.03.16"]
[Round "5"]
[White "Lebel, Michel"]
[Black "Poitras, Marc"]
[Result "1-0"]
[WhiteElo "1076"]
[BlackElo "1330"]
[WhiteFideId "-1"]
[BlackFideId "-1"]
[PlyCount "65"]
[GameId "2289146342086125"]
[EventDate "2026.02.16"]
[EventType "swiss"]
[EventRounds "5"]
[EventCountry "CAN"]
[TimeControl "5400+30"]

1. e4 d6 2. Bc4 g6 3. Nf3 Bg7 4. d4 Nf6 5. Nc3 O-O 6. O-O c6 7. Re1 Re8 8. Be3 e5 9. dxe5 Ng4 10. Bg5 Qb6 11. h3 Qxf2+ 12. Kh1 Nxe5 13. Nxe5 Bxe5 14. Rf1 Qg3 15. Bxf7+ Kg7 16. Bf4 Bxf4 17. Rxf4 Re5 18. Ne2 Qe3 19. Qxd6 Nd7 20. Be6 Rxe4 21. Rxe4 Qxe4 22. Qe7+ Kh6 23. Ng3 Qe5 24. Kh2 Nf6 25. Qf8+ Kg5 26. Bxc8 Nd5 27. Rf1 Nf6 28. Qd8 h5 29. Qd2+ Kh4 30. Qb4+ Ne4 31. Qxe4+ Qxe4 32. Nxe4 g5 33. g3# 1-0

[Event "Ste-Foy 5 2025-26"]
[Site "Ste-Foy CAN"]
[Date "2026.03.16"]
[Round "5"]
[White "Pepin, Pierre-Luc"]
[Black "Wafer, Jacques"]
[Result "0-1"]
[WhiteElo "1177"]
[BlackElo "1400"]
[WhiteFideId "-1"]
[BlackFideId "-1"]
[PlyCount "26"]
[GameId "2289146400884217"]
[EventDate "2026.02.16"]
[EventType "swiss"]
[EventRounds "5"]
[EventCountry "CAN"]
[TimeControl "5400+30"]

1. d4 d5 2. c4 dxc4 3. a4 e6 4. e3 Qd5 5. Nc3 Bb4 6. Bd2 Bxc3 7. Bxc3 Nf6 8. Qe2 Ne4 9. Bb4 Nc6 10. Ba3 c3 11. b4 Nd2 12. Rc1 Nxf1 13. Qxf1 Qb3 0-1

[Event "Ste-Foy 5 2025-26"]
[Site "Ste-Foy CAN"]
[Date "2026.03.16"]
[Round "5"]
[White "Couture, Francois"]
[Black "Deschenes, Andre-Philippe"]
[Result "1-0"]
[WhiteElo "1232"]
[BlackElo "1256"]
[WhiteFideId "-1"]
[BlackFideId "-1"]
[PlyCount "133"]
[GameId "2289146468902405"]
[EventDate "2026.02.16"]
[EventType "swiss"]
[EventRounds "5"]
[EventCountry "CAN"]
[TimeControl "5400+30"]

1. d4 d5 2. c4 c6 3. Nf3 Nf6 4. Nc3 Bg4 5. e3 e6 6. Be2 Bb4 7. O-O O-O 8. Qb3 Bxc3 9. bxc3 Qc7 10. Re1 Nbd7 11. cxd5 cxd5 12. Bb2 Ne4 13. Rac1 Rfc8 14. c4 Qb6 15. Ne5 Qxb3 16. axb3 Nxe5 17. dxe5 Bxe2 18. Rxe2 dxc4 19. bxc4 Rd8 20. Bd4 b6 21. f3 Nc5 22. Rb1 Rab8 23. Reb2 Rdc8 24. Rb5 Nd7 25. c5 bxc5 26. Rxb8 Nxb8 27. Bxc5 a6 28. Bd6 Nc6 29. f4 g6 30. Kf2 a5 31. g4 a4 32. h4 Ra8 33. Ba3 h6 34. h5 Kg7 35. Rg1 Na5 36. Rc1 Nb3 37. Rc2 Rd8 38. Ke2 Kh7 39. Bb4 Ra8 40. Kd3 Na5 41. Ke4 Kg7 42. hxg6 Kxg6 43. f5+ Kg5 44. fxe6 fxe6 45. Rf2 Kxg4 46. Rg2+ Kh4 47. Kf4 Kh3 48. Rg6 h5 49. Rxe6 h4 50. Rg6 Nc4 51. Rc6 Nb2 52. Ba3 Nd3+ 53. Kf5 Ra5 54. Re6 Kh2 55. Ke4 Nf2+ 56. Kf3 Kg1 57. Rg6+ Kf1 58. Rg2 h3 59. Rxf2+ Kg1 60. Kg3 Rxe5 61. Re2 Kf1 62. Kf3 Rh5 63. Rh2 Kg1 64. Kg3 Re5 65. Re2 Rxe3+ 66. Rxe3 h2 67. Re1# 1-0

[Event "Ste-Foy 5 2025-26"]
[Site "Ste-Foy CAN"]
[Date "2026.03.16"]
[Round "5"]
[White "Nougaret, Jonathan"]
[Black "Godin, Francois"]
[Result "1-0"]
[WhiteElo "1327"]
[BlackElo "1052"]
[WhiteFideId "-1"]
[BlackFideId "-1"]
[PlyCount "71"]
[GameId "2289146544621073"]
[EventDate "2026.02.16"]
[EventType "swiss"]
[EventRounds "5"]
[EventCountry "CAN"]
[TimeControl "5400+30"]

1. d4 f5 2. Nc3 Nf6 3. Nf3 g6 4. h3 Bg7 5. Bf4 d6 6. e3 O-O 7. Bc4+ e6 8. O-O Qe8 9. Qe2 Kh8 10. Rfe1 a6 11. a4 Nbd7 12. Bb3 Nh5 13. Rad1 e5 14. dxe5 Nxe5 15. Bxe5 Bxe5 16. Nd5 Rb8 17. Nxc7 Qe7 18. Nd5 Qe8 19. Nxe5 dxe5 20. Rd2 Be6 21. Nc7 Qe7 22. Nxe6 Ng7 23. Nxg7 Qxg7 24. Red1 Qf6 25. Rd6 Qg5 26. Qd3 Kg7 27. Qd5 e4 28. Qe5+ Kh6 29. Rd7 Rh8 30. Qg7+ Kh5 31. Qxh7+ Qh6 32. Qxh6+ Kxh6 33. Kh2 a5 34. Kg3 g5 35. R1d6+ Kh5 36. Bf7# 1-0

[Event "Take 4 2026.02"]
[Site "Montreal CAN"]
[Date "2026.02.07"]
[Round "1.1"]
[White "Gamache, Lucien"]
[Black "Kraiouchkine, Nikita"]
[Result "0-1"]
[WhiteElo "1645"]
[BlackElo "2246"]
[WhiteFideId "-1"]
[BlackFideId "-1"]
[PlyCount "122"]
[GameId "2281092406747631"]
[EventDate "2026.02.07"]
[EventType "swiss"]
[EventRounds "4"]
[EventCountry "CAN"]

1. d4 d5 2. Nf3 Nf6 3. e3 Bf5 4. c4 c6 5. Nc3 e6 6. Be2 h6 7. O-O Nbd7 8. a3 Bd6 9. b4 dxc4 10. Bxc4 e5 11. dxe5 Nxe5 12. Nxe5 Bxe5 13. Qb3 O-O 14. h3 Ne4 15. Rd1 Qh4 16. Nxe4 Bxa1 17. Nd6 Qf6 18. Nxb7 Be5 19. Nc5 Rad8 20. Nd3 Bc7 21. Bb2 Qg6 22. Kf1 Rd7 23. Ne5 Bxe5 24. Rxd7 Bxb2 25. Rxf7 Rxf7 26. Bxf7+ Qxf7 27. Qxb2 Qd5 28. f3 Bxh3 29. gxh3 Qxf3+ 30. Qf2 Qxh3+ 31. Ke2 Qh5+ 32. Kd3 Qd5+ 33. Kc3 c5 34. Qf4 cxb4+ 35. axb4 Qd8 36. Qc4+ Kh8 37. e4 Qf6+ 38. Kb3 Qe5 39. Qc5 Qe6+ 40. Ka4 Qxe4 41. Qxa7 Kh7 42. Ka5 h5 43. b5 Qe5 44. Qf2 g5 45. Qf7+ Kh6 46. Qf8+ Kg6 47. Qg8+ Kf5 48. Qf7+ Kg4 49. Qc4+ Kg3 50. Qd3+ Kh4 51. Ka6 g4 52. Qd8+ Kh3 53. b6 Qe2+ 54. Ka5 Qa2+ 55. Kb5 Qb3+ 56. Kc6 Qc4+ 57. Kd7 g3 58. b7 g2 59. b8=Q g1=Q 60. Qh8 Qgg4+ 61. Ke8 Qce6+ 0-1

[Event "Take 4 2026.02"]
[Site "Montreal CAN"]
[Date "2026.02.07"]
[Round "1.2"]
[White "Navarro, Pavel"]
[Black "Lesperance, Milan"]
[Result "1-0"]
[WhiteElo "2025"]
[BlackElo "1390"]
[WhiteFideId "-1"]
[BlackFideId "-1"]
[PlyCount "68"]
[GameId "2281092406780400"]
[EventDate "2026.02.07"]
[EventType "swiss"]
[EventRounds "4"]
[EventCountry "CAN"]

1. Nf3 d5 2. g3 Nf6 3. Bg2 Bf5 4. O-O e6 5. d3 Nbd7 6. h3 Be7 7. Nfd2 c6 8. e4 Bg6 9. f4 h6 10. e5 Nh7 11. Qe2 O-O 12. Nb3 Re8 13. c3 f6 14. Kh2 Kh8 15. Be3 Rg8 16. Qf2 Bf7 17. a4 g5 18. a5 a6 19. N1d2 h5 20. exf6 Bxf6 21. h4 Be7 22. Nf3 Ndf8 23. d4 Ng6 24. Nxg5 Qe8 25. Qe2 Ngf8 26. Bf3 Nxg5 27. fxg5 Nh7 28. Bf4 Bg6 29. Be3 Rg7 30. Nc1 Bf7 31. Nd3 Nf8 32. Nf4 Qd7 33. Nxh5 Bxh5 34. Bxh5 Ng6 {illisible} 1-0

[Event "Take 4 2026.02"]
[Site "Montreal CAN"]
[Date "2026.02.07"]
[Round "1.3"]
[White "Harika, Rodolph"]
[Black "Both, Aaron"]
[Result "0-1"]
[WhiteElo "1332"]
[BlackElo "2021"]
[WhiteFideId "-1"]
[BlackFideId "-1"]
[PlyCount "88"]
[GameId "2281092406788593"]
[EventDate "2026.02.07"]
[EventType "swiss"]
[EventRounds "4"]
[EventCountry "CAN"]

1. e4 c5 2. Nf3 e6 3. d4 cxd4 4. Nxd4 a6 5. Nc3 b5 6. a3 Bb7 7. Be3 Qc7 8. Qd2 Nf6 9. f3 b4 10. axb4 Bxb4 11. Bd3 d5 12. Bg5 Nbd7 13. O-O Bc5 14. Bxf6 Nxf6 15. Nce2 e5 16. Kh1 exd4 17. Qg5 O-O 18. Ng3 h6 19. Qh4 Qd8 20. Nf5 Nh7 21. Qg3 Qg5 22. Qc7 dxe4 23. fxe4 g6 24. Qxb7 gxf5 25. Rxf5 Qe7 26. Qc6 Bd6 27. Rxa6 Rxa6 28. Qxa6 f6 29. Rd5 Be5 30. Bc4 Kh8 31. b3 Ng5 32. Bd3 Ne6 33. Qc4 Nf4 34. Rc5 Qg7 35. g3 Qg4 36. Kg1 Nh3+ 37. Kf1 Ra8 38. Kg2 Ng5 39. Bf1 Qxe4+ 40. Kf2 Qf5+ 41. Kg1 Ne4 42. Rc6 Bxg3 43. Qe2 Bf4 44. Rc4 Be3+ 0-1

[Event "Take 4 2026.02"]
[Site "Montreal CAN"]
[Date "2026.02.07"]
[Round "1.4"]
[White "Ghnatios, Ralph"]
[Black "Trottier, Alexandre"]
[Result "1-0"]
[WhiteElo "1966"]
[BlackElo "1125"]
[WhiteFideId "-1"]
[BlackFideId "-1"]
[PlyCount "71"]
[GameId "2281092406796786"]
[EventDate "2026.02.07"]
[EventType "swiss"]
[EventRounds "4"]
[EventCountry "CAN"]

1. e4 e5 2. Nf3 Nc6 3. Bb5 a6 4. Ba4 Bc5 5. c3 b5 6. Bb3 Qf6 7. d3 h6 8. h4 d6 9. Be3 Bg4 10. Nbd2 Nge7 11. Qe2 O-O 12. Bxc5 dxc5 13. Qe3 Rfd8 14. O-O-O a5 15. Qxc5 b4 16. Qe3 bxc3 17. bxc3 a4 18. Bc4 Qd6 19. Kc2 Rdb8 20. Rb1 Qa3 21. Rxb8+ Rxb8 22. Rb1 Be6 23. Rxb8+ Nxb8 24. Nb1 Qd6 25. Qa7 Nd7 26. Qxa4 Nc5 27. Qe8+ Kh7 28. Bxe6 Qxd3+ 29. Kb2 Qe2+ 30. Nfd2 Nd3+ 31. Ka1 Qxf2 32. Qxe7 Qb6 33. Bf5+ g6 34. Qxf7+ Kh8 35. Qe8+ Kg7 36. Qd7+ 1-0

[Event "Take 4 2026.02"]
[Site "Montreal CAN"]
[Date "2026.02.07"]
[Round "1.5"]
[White "Cuconescu, Maxim"]
[Black "Mesbih, Nael"]
[Result "0-1"]
[WhiteElo "947"]
[BlackElo "1059"]
[WhiteFideId "-1"]
[BlackFideId "-1"]
[PlyCount "46"]
[GameId "2281092406800883"]
[EventDate "2026.02.07"]
[EventType "swiss"]
[EventRounds "4"]
[EventCountry "CAN"]

1. e4 c6 2. Bc4 d5 3. exd5 cxd5 4. Bb5+ Nc6 5. d4 a6 6. Ba4 b5 7. Bb3 a5 8. Nc3 Nf6 9. a3 b4 10. axb4 Nxb4 11. Bg5 Bf5 12. Nf3 e6 13. Ne5 Be7 14. Ba4+ Kf8 15. O-O Rc8 16. Bb3 Qd6 17. Rxa5 Bd8 18. Rb5 h6 19. Bh4 g5 20. Bg3 Qe7 21. Re1 Bc7 22. Nc6 Nxc6 23. Rc5 Ng4 {illisible} 0-1

[Event "Take 4 2026.02"]
[Site "Montreal CAN"]
[Date "2026.02.07"]
[Round "2.1"]
[White "Kraiouchkine, Nikita"]
[Black "Navarro, Pavel"]
[Result "1/2-1/2"]
[WhiteElo "2246"]
[BlackElo "2025"]
[WhiteFideId "-1"]
[BlackFideId "-1"]
[PlyCount "46"]
[GameId "2281092406809077"]
[EventDate "2026.02.07"]
[EventType "swiss"]
[EventRounds "4"]
[EventCountry "CAN"]

1. e4 c5 2. Nf3 d6 3. d4 cxd4 4. Nxd4 Nf6 5. Nc3 a6 6. Bc4 e6 7. O-O Nc6 8. Bb3 Be7 9. f4 O-O 10. Kh1 Nxd4 11. Qxd4 b5 12. f5 b4 13. Qxb4 d5 14. Qd4 dxe4 15. Qxd8 Rxd8 16. fxe6 Bxe6 17. Bxe6 fxe6 18. Bf4 Bb4 19. Rae1 Rac8 20. Bg5 Bxc3 21. bxc3 Rf8 22. Bxf6 Rxf6 23. Rxf6 gxf6 1/2-1/2

[Event "Take 4 2026.02"]
[Site "Montreal CAN"]
[Date "2026.02.07"]
[Round "2.3"]
[White "Both, Aaron"]
[Black "Iordanescu, Victor Nicolae"]
[Result "1-0"]
[WhiteElo "2021"]
[BlackElo "1941"]
[WhiteFideId "-1"]
[BlackFideId "-1"]
[PlyCount "59"]
[GameId "2281092406809078"]
[EventDate "2026.02.07"]
[EventType "swiss"]
[EventRounds "4"]
[EventCountry "CAN"]

1. e4 c5 2. Nc3 d6 3. d4 cxd4 4. Qxd4 Nc6 5. Qd2 g6 6. b3 Bh6 7. f4 Nf6 8. Bb2 O-O 9. O-O-O e5 10. g3 exf4 11. Kb1 Bg4 12. Re1 Qa5 13. Nh3 Bxh3 14. Bxh3 Qh5 15. Qxd6 Bg7 16. Bf1 f3 17. Qf4 Rad8 18. Bc4 Ne5 19. Nd5 Nfd7 20. Bb5 Bh6 21. Bxd7 Bxf4 22. Nf6+ Kg7 23. Nxh5+ gxh5 24. gxf4 Rxd7 25. fxe5 Rc7 26. Ref1 Rfc8 27. Rhg1+ Kf8 28. c4 b5 29. Rxf3 bxc4 30. Ba3+ 1-0

[Event "Take 4 2026.02"]
[Site "Montreal CAN"]
[Date "2026.02.07"]
[Round "2.4"]
[White "Robillard, Guillaume"]
[Black "Nassif, Aba"]
[Result "1-0"]
[WhiteElo "1661"]
[BlackElo "1949"]
[WhiteFideId "-1"]
[BlackFideId "-1"]
[PlyCount "141"]
[GameId "2281092406809079"]
[EventDate "2026.02.07"]
[EventType "swiss"]
[EventRounds "4"]
[EventCountry "CAN"]

1. e4 c5 2. Nf3 a6 3. d4 cxd4 4. Nxd4 e5 5. Nb3 Nf6 6. Bg5 Qc7 7. f3 Bb4+ 8. c3 Be7 9. Be3 O-O 10. c4 Bb4+ 11. N1d2 Rd8 12. a3 Bf8 13. Rc1 d6 14. g4 a5 15. Nb1 a4 16. N3d2 Bd7 17. Nc3 Bc6 18. h4 Nbd7 19. h5 Nc5 20. g5 Ne8 21. g6 h6 22. gxf7+ Qxf7 23. Nd5 Nc7 24. Qe2 N7e6 25. Bh3 Rab8 26. Bf5 b5 27. Nb4 Ba8 28. cxb5 d5 29. Bg6 Qd7 30. exd5 Nd4 31. Bxd4 exd4 32. Nc6 Re8 33. Bxe8 Rxe8 34. Ne4 d3 35. Qe3 d2+ 36. Qxd2 Nb3 37. Qg2 Qxd5 38. Rd1 Qxb5 39. Nd4 Qa5+ 40. Kf1 Qa6+ 41. Kf2 Qb6 42. Qg6 Qxg6 43. hxg6 Bxe4 44. Nxb3 Bxg6 45. Nd4 Rb8 46. Rd2 Bc5 47. Ke3 Rb3+ 48. Kf4 Bd6+ 49. Kg4 Rb6 50. Re1 Kh7 51. Re6 Bf7 52. Re1 h5+ 53. Kh4 Bc5 54. Nf5 Rf6 55. Re5 Bb6 56. Kg5 Rg6+ 57. Kh4 Bc4 58. Kxh5 Rg1 59. Re7 Ba5 60. Rdd7 Rh1+ 61. Kg4 Kg6 62. Rd6+ Kh7 63. Rxg7+ Kh8 64. Ra7 Rg1+ 65. Kf4 Be1 66. Rd8+ Bg8 67. Raa8 Kh7 68. Ra7+ Kh8 69. Ne7 Bg3+ 70. Kf5 Bh4 71. Rxg8+ 1-0

[Event "Take 4 2026.02"]
[Site "Montreal CAN"]
[Date "2026.02.07"]
[Round "2.5"]
[White "Trottier, Alexandre"]
[Black "Gamache, Lucien"]
[Result "0-1"]
[WhiteElo "1125"]
[BlackElo "1645"]
[WhiteFideId "-1"]
[BlackFideId "-1"]
[PlyCount "90"]
[GameId "2281092406817272"]
[EventDate "2026.02.07"]
[EventType "swiss"]
[EventRounds "4"]
[EventCountry "CAN"]

1. e4 d5 2. exd5 Qxd5 3. Nc3 Qd8 4. d4 Nf6 5. Nf3 Bf5 6. Bc4 e6 7. Bg5 Be7 8. d5 exd5 9. Nxd5 Nxd5 10. Bxd5 c6 11. Bxf7+ Kxf7 12. Ne5+ Ke8 13. Qxd8+ Bxd8 14. Bxd8 Kxd8 15. Nf7+ Ke7 16. Nxh8 Nd7 17. O-O-O Rxh8 18. Rhe1+ Kf7 19. Re3 Nf6 20. Ra3 a6 21. Rb3 Bc8 22. h3 Re8 23. Rdd3 g5 24. Kd2 Ne4+ 25. Kc1 Nc5 26. Rf3+ Kg6 27. Rb4 h5 28. Rg3 Re1+ 29. Kd2 Re4 30. a3 Rxb4 31. axb4 Ne4+ 32. Ke3 Nxg3 33. fxg3 Kf5 34. Kf3 g4+ 35. Ke3 gxh3 36. gxh3 Ke5 37. h4 Bf5 38. c3 Bc2 39. Kd2 Bb3 40. Ke3 Kd5 41. Kd3 b5 42. Ke3 Ke5 43. Kd3 Kf5 44. Ke3 Kg4 45. Kf2 Bd5 0-1

[Event "Take 4 2026.02"]
[Site "Montreal CAN"]
[Date "2026.02.07"]
[Round "2.6"]
[White "Lesperance, Milan"]
[Black "Cuconescu, Maxim"]
[Result "1-0"]
[WhiteElo "1390"]
[BlackElo "947"]
[WhiteFideId "-1"]
[BlackFideId "-1"]
[PlyCount "43"]
[GameId "2281092406817273"]
[EventDate "2026.02.07"]
[EventType "swiss"]
[EventRounds "4"]
[EventCountry "CAN"]

1. d4 d5 2. c4 e6 3. Nc3 a6 4. Nf3 dxc4 5. a4 Bb4 6. e3 Nf6 7. Bxc4 O-O 8. O-O Nc6 9. Qd3 Re8 10. Ne4 e5 11. Nxf6+ Qxf6 12. dxe5 Nxe5 13. Nxe5 Rxe5 14. Bd2 Bf5 15. Qe2 Bxd2 16. Qxd2 Rd8 17. Qe2 Rc5 18. Rfd1 Rxd1+ 19. Rxd1 b6 20. Rc1 Qc6 21. b4 Rd5 22. Qe1 1-0

[Event "Take 4 2026.02"]
[Site "Montreal CAN"]
[Date "2026.02.08"]
[Round "3.1"]
[White "Navarro, Pavel"]
[Black "Both, Aaron"]
[Result "0-1"]
[WhiteElo "2025"]
[BlackElo "2021"]
[WhiteFideId "-1"]
[BlackFideId "-1"]
[PlyCount "30"]
[GameId "2281092406821371"]
[EventDate "2026.02.07"]
[EventType "swiss"]
[EventRounds "4"]
[EventCountry "CAN"]

1. e4 c5 2. Nf3 e6 3. d4 cxd4 4. Nxd4 a6 5. Bd3 Bc5 6. Nb3 Ba7 7. Qg4 Nf6 8. Qg3 d6 9. O-O Nc6 10. Qxg7 Rg8 11. Qh6 Ne5 12. Kh1 Nfg4 13. Qxh7 Kd7 14. Bf4 Rh8 15. Qg7 Rxh2+ 0-1

[Event "Take 4 2026.02"]
[Site "Montreal CAN"]
[Date "2026.02.08"]
[Round "3.2"]
[White "Gamache, Lucien"]
[Black "Robillard, Guillaume"]
[Result "0-1"]
[WhiteElo "1645"]
[BlackElo "1661"]
[WhiteFideId "-1"]
[BlackFideId "-1"]
[PlyCount "60"]
[GameId "2281092406821372"]
[EventDate "2026.02.07"]
[EventType "swiss"]
[EventRounds "4"]
[EventCountry "CAN"]

1. d4 Nf6 2. Nf3 d6 3. e3 c6 4. Be2 Nbd7 5. b3 e5 6. O-O Be7 7. Bb2 Qc7 8. c4 e4 9. Nfd2 d5 10. c5 h5 11. Re1 Ng4 12. Nf1 f5 13. h3 Ngf6 14. Ng3 g6 15. Nd2 f4 16. exf4 Qxf4 17. Ndf1 Nf8 18. Bc1 Qh4 19. Ne3 Be6 20. b4 N8h7 21. Bf1 Ng5 22. a4 O-O 23. Ra2 Bd8 24. Nh1 Nxh3+ 25. gxh3 Bxh3 26. Bxh3 Qxh3 27. Nf1 Ng4 28. Ra3 Rf3 29. Ree3 Nxe3 30. Rxe3 Qg4+ 0-1

[Event "Take 4 2026.02"]
[Site "Montreal CAN"]
[Date "2026.02.08"]
[Round "3.9"]
[White "Harika, Rodolph"]
[Black "Trottier, Alexandre"]
[Result "0-1"]
[WhiteElo "1332"]
[BlackElo "1125"]
[WhiteFideId "-1"]
[BlackFideId "-1"]
[PlyCount "48"]
[GameId "2281092406825470"]
[EventDate "2026.02.07"]
[EventType "swiss"]
[EventRounds "4"]
[EventCountry "CAN"]

1. e4 e5 2. Nf3 Nc6 3. Nc3 Bc5 4. Nxe5 Nxe5 5. d4 Bd6 6. dxe5 Bxe5 7. Bd2 Nf6 8. Bd3 d5 9. exd5 Nxd5 10. Qe2 O-O 11. O-O Re8 12. Kh1 Bxc3 13. Qd1 Bxd2 14. Qxd2 Be6 15. Rad1 Qf6 16. Rfe1 Rad8 17. Be4 c6 18. g3 Bf5 19. Bxd5 cxd5 20. Qxd5 Qc6 21. Rxe8+ Rxe8 22. Qxc6 bxc6 23. c4 Bg4 24. Rd2 Bf3+ 0-1